Φορτώνει......

ഒരു നടന്റെ ബ്ലോഗെഴുത്തുകള്‍ /

Λεπτομέρειες βιβλιογραφικής εγγραφής
Κύριος συγγραφέας: മോഹന്‍ലാല്‍
Άλλοι συγγραφείς: Mohanlal
Μορφή: Printed Book
Γλώσσα:English
Έκδοση: കോഴിക്കോട് : മാതൃഭൂമി ബുക്സ്, 2015.
Έκδοση:1st ed.
Θέματα:
LEADER 00805nam a22002057a 4500
008 160503b xxu||||| |||| 00| 0 eng d
020 |a 9788182664920 
082 |a 791.434  |b MOH 
100 |a മോഹന്‍ലാല്‍ 
240 |a Oru nadante blogezhuthukal 
245 |a ഒരു നടന്റെ ബ്ലോഗെഴുത്തുകള്‍ /  |c മോഹന്‍ലാല്‍ 
250 |a 1st ed. 
260 |a കോഴിക്കോട് :  |b മാതൃഭൂമി ബുക്സ്,  |c 2015. 
300 |a 184p. 
650 |a Blog writing 
650 |a Actor 
700 |a Mohanlal 
942 |2 ddc  |c BK 
999 |c 14854  |d 14854 
952 |0 0  |1 0  |2 ddc  |4 0  |6 791_434000000000000_MOH  |7 0  |9 21064  |a MAIN  |b MAIN  |d 2016-05-03  |e Mathrubhumi Books  |g 150.00  |o 791.434 MOH  |p 21138  |r 2016-05-03  |t 1  |w 2016-05-03  |y BK